| 000 | 00410nam a2200145Ia 4500 | ||
|---|---|---|---|
| 008 | 100415s9999 xx 000 0 und d | ||
| 082 |
_b794 _a574 |
||
| 100 | _aRichadson,J | ||
| 245 | _aThe Museum Of Natural History Div - II | ||
| 260 |
_aLONDON _c1803 _bWm Mackonzie |
||
| 365 | _b0 | ||
| 630 | _aThe Museum Of Natural History Div - II | ||
| 730 | _aThe Museum Of Natural History Div - II | ||
| 942 | _cBOOK | ||
| 999 |
_c583859 _d583856 |
||